[Event "Udine Oro Caffe op 3rd"]
[Site "Udine"]
[Date "2010.07.10"]
[Round "6"]
[White "Redo, Stefano"]
[Black "Tassinari, Luca"]
[Result "0-1"]
[WhiteElo "1919"]
[BlackElo "1856"]
[PlyCount "82"]
[EventDate "2010.07.05"]
[EventType "swiss"]
[EventRounds "7"]
[EventCountry "ITA"]
[SourceTitle "EXT 2024"]
[Source "ChessBase"]
[SourceDate "2023.10.10"]
[SourceVersion "1"]
[SourceVersionDate "2023.10.10"]
[SourceQuality "1"]

1. e4 c5 2. Nf3 d6 3. Bb5+ Bd7 4. Qe2 Bxb5 5. Qxb5+ Qd7 6. Nc3 Nc6 7. 0-0 e6 8. Rd1 a6 9. Qe2 Nd4 10. Nxd4 cxd4 11. Nb1 d5 12. d3 Bc5 13. c3 Rc8 14. Bg5 f6 15. cxd4 Bxd4 16. Bh4 Ne7 17. Nc3 Bxc3 18. bxc3 Rxc3 19. f4 0-0 20. Be1 Rc6 21. Bb4 e5 22. Qb2 Kf7 23. Rab1 b5 24. Rbc1 Rfc8 25. Rxc6 Nxc6 26. Bc5 g6 27. Rc1 d4 28. fxe5 Nxe5 29. Qa3 Qc6 30. Qb3+ Qe6 31. Qa3 Qc6 32. Qb3+ Qe6 33. Qa3 Rc6 34. Bxd4 Rxc1+ 35. Qxc1 Nxd3 36. Qc7+ Qe7 37. Qc6 Nb4 38. Qa8 Qd7 39. Be3 Qd1+ 40. Kf2 Nd3+ 41. Kg3 Qe1+ 0-1

[Event "Udine Oro Caffe op 3rd"]
[Site "Udine"]
[Date "2010.07.06"]
[Round "2"]
[White "Tassinari, Luca"]
[Black "Capaliku, Aleks"]
[Result "1/2-1/2"]
[WhiteElo "1856"]
[BlackElo "2095"]
[PlyCount "148"]
[EventDate "2010.07.05"]
[EventType "swiss"]
[EventRounds "7"]
[EventCountry "ITA"]
[SourceTitle "EXT 2024"]
[Source "ChessBase"]
[SourceDate "2023.10.10"]
[SourceVersion "1"]
[SourceVersionDate "2023.10.10"]
[SourceQuality "1"]

1. e4 e5 2. Nf3 Nc6 3. d4 d6 4. dxe5 Nxe5 5. Nxe5 dxe5 6. Qxd8+ Kxd8 7. Nc3 c6 8. Bg5+ f6 9. Be3 Be6 10. f4 Kc7 11. f5 Bf7 12. 0-0-0 Bb4 13. Na4 b6 14. a3 Bd6 15. c4 b5 16. cxb5 cxb5 17. Bxb5 Rb8 18. Rxd6 Kxd6 19. Rd1+ Kc7 20. Rd7+ Kc8 21. Nb6+ axb6 22. Rxf7 g6 23. g4 g5 24. h3 h5 25. gxh5 Rxh5 26. Bf1 g4 27. Ba6+ Kd8 28. hxg4 Rh4 29. Be2 Ke8 30. Rc7 Nh6 31. g5 Rxe4 32. gxh6 Rxe3 33. h7 Rh3 34. Bb5+ Kf8 35. Bc4 Rd8 36. Kc2 e4 37. Rf7+ Ke8 38. Rxf6 Rc8 39. h8R+ Rxh8 40. Re6+ Kd7 41. Kb3 Rh3+ 42. Kb4 e3 43. Bb5+ Kc7 44. f6 Rf8 45. Kc3 Rf3 46. Kd3 R8xf6 47. Rxf6 Rxf6 48. Kxe3 Kd6 49. Bc4 Kc5 50. Bd3 Re6+ 51. Kd2 Kd4 52. a4 Rh6 53. Bb5 Rh2+ 54. Kc1 Kc5 55. Kb1 Kd4 56. Ka2 Ke3 57. Ka3 Kd2 58. Kb4 Ke3 59. b3 Kd4 60. Bc6 Rb2 61. Be8 Kd5 62. Kc3 Re2 63. Bb5 Rh2 64. Kb4 Kd6 65. Bc4 Rh5 66. Bb5 Rh8 67. a5 Rh4+ 68. Bc4 bxa5+ 69. Kxa5 Kc5 70. Ka4 Rh8 71. Ka3 Ra8+ 72. Kb2 Kb4 73. Kc2 Rh8 74. Kd3 Rd8+ 1/2-1/2

[Event "Udine Oro Caffe op 2nd"]
[Site "Udine"]
[Date "2009.07.12"]
[Round "7"]
[White "Tassinari, Luca"]
[Black "Redo, Stefano"]
[Result "1/2-1/2"]
[WhiteElo "1838"]
[BlackElo "1943"]
[PlyCount "118"]
[EventDate "2009.07.06"]
[EventType "swiss"]
[EventRounds "7"]
[EventCountry "ITA"]
[SourceTitle "EXT 2011"]
[Source "ChessBase"]
[SourceDate "2010.11.26"]
[SourceVersion "1"]
[SourceVersionDate "2010.11.26"]
[SourceQuality "1"]

1. e4 c5 2. Nf3 e6 3. d4 cxd4 4. Nxd4 a6 5. a4 Nc6 6. Be3 Nxd4 7. Qxd4 d6 8. Nc3 Ne7 9. Be2 Nc6 10. Qd2 Bd7 11. 0-0 Be7 12. f4 Qc7 13. Kh1 0-0 14. g4 Na5 15. Qd3 Rfc8 16. Rad1 b6 17. Rf3 Nb7 18. Bc1 Nc5 19. Qd4 Bc6 20. g5 e5 21. Qc4 Qb7 22. fxe5 Nxe4 23. Qxf7+ Kh8 24. Nd5 dxe5 25. Qxe7 Qxe7 26. Nxe7 Nf2+ 27. Kg1 Nxd1 28. Nxc6 Rxc6 29. Bxd1 b5 30. Rd3 Rac8 31. c3 b4 32. Bd2 e4 33. Rd4 e3 34. Bxe3 bxc3 35. bxc3 Rxc3 36. Kf2 Rf8+ 37. Rf4 Rxf4+ 38. Bxf4 Rd3 39. Ke2 Rc3 40. a5 Ra3 41. Bc7 Kg8 42. Kf2 Rc3 43. Bb6 Rc8 44. Bf3 Kf7 45. Bb7 Rc2+ 46. Kg3 Rc3+ 47. Kf4 Rh3 48. Bxa6 Rxh2 49. Bc4+ Ke7 50. a6 Rh4+ 51. Ke5 Rxc4 52. Kd5 Rc8 53. a7 Kd7 54. Bd4 Ra8 55. Ke5 Ke7 56. Kd5 Kf7 57. Kc6 Kg6 58. Kb7 Rxa7+ 59. Kxa7 h6 1/2-1/2

[Event "Udine Oro Caffe op 2nd"]
[Site "Udine"]
[Date "2009.07.10"]
[Round "5"]
[White "Milazzo, Mario"]
[Black "Tassinari, Luca"]
[Result "1-0"]
[WhiteElo "2068"]
[BlackElo "1838"]
[PlyCount "99"]
[EventDate "2009.07.06"]
[EventType "swiss"]
[EventRounds "7"]
[EventCountry "ITA"]
[SourceTitle "EXT 2011"]
[Source "ChessBase"]
[SourceDate "2010.11.26"]
[SourceVersion "1"]
[SourceVersionDate "2010.11.26"]
[SourceQuality "1"]

1. c4 Nf6 2. Nc3 g6 3. g3 Bg7 4. Bg2 c5 5. e4 d6 6. Nge2 Nc6 7. d3 Bg4 8. h3 Bd7 9. 0-0 Qc8 10. Kh2 h5 11. Nd5 h4 12. Nxf6+ Bxf6 13. g4 Qc7 14. Kh1 0-0-0 15. Rb1 Ne5 16. Nc3 e6 17. f4 Nc6 18. Nb5 Qb8 19. Bd2 a6 20. Nc3 Bd4 21. a3 Ne7 22. b4 cxb4 23. axb4 f5 24. b5 axb5 25. Nxb5 Bxb5 26. cxb5 b6 27. exf5 gxf5 28. Qa4 e5 29. fxe5 dxe5 30. gxf5 Rhg8 31. Qc4+ Qc7 32. Qe6+ Qd7 33. Rbc1+ Kb8 34. Qxd7 Rxd7 35. f6 Ng6 36. Bc6 Rc7 37. Bb4 Bc5 38. Bxc5 bxc5 39. Rxc5 Rf8 40. b6 Rcc8 41. Ra1 Rxc6 42. Rxc6 Kb7 43. Re6 Nf4 44. Ra7+ Kb8 45. Rxe5 Nxd3 46. Ree7 Nc5 47. f7 Rd8 48. Re8 Ne6 49. Rxd8+ Nxd8 50. f8R 1-0

[Event "Udine Oro Caffe op 2nd"]
[Site "Udine"]
[Date "2009.07.08"]
[Round "3"]
[White "Tiengo, Davide"]
[Black "Tassinari, Luca"]
[Result "1-0"]
[WhiteElo "2118"]
[BlackElo "1838"]
[PlyCount "123"]
[EventDate "2009.07.06"]
[EventType "swiss"]
[EventRounds "7"]
[EventCountry "ITA"]
[SourceTitle "EXT 2011"]
[Source "ChessBase"]
[SourceDate "2010.11.26"]
[SourceVersion "1"]
[SourceVersionDate "2010.11.26"]
[SourceQuality "1"]

1. d4 Nf6 2. Nf3 g6 3. c4 Bg7 4. Nc3 d6 5. e4 0-0 6. Be2 c5 7. d5 e6 8. dxe6 fxe6 9. 0-0 a6 10. e5 dxe5 11. Qxd8 Rxd8 12. Nxe5 Nfd7 13. Bg5 Rf8 14. Nxd7 Bxd7 15. Be7 Rc8 16. Rad1 Bf8 17. Bd6 Bxd6 18. Rxd6 Kf7 19. Ne4 Ke7 20. Rfd1 a5 21. Bf3 Rc7 22. h4 Ra6 23. R6d2 b6 24. Nc3 Bc6 25. Bg4 h5 26. Be2 Nd7 27. f4 Nf8 28. Kf2 Rd7 29. Bf3 Bxf3 30. Kxf3 Raa7 31. Rxd7+ Rxd7 32. Rxd7+ Nxd7 33. g4 hxg4+ 34. Kxg4 Nf6+ 35. Kg5 Kf7 36. b3 Kg7 37. Nb5 Nh7+ 38. Kg4 Nf6+ 39. Kf3 Nd7 40. Ke4 Kf7 41. Na7 Ke7 42. Nc6+ Kd6 43. Ne5 Nxe5 44. fxe5+ Ke7 45. Kf4 Kf7 46. Kg4 Kg8 47. h5 Kg7 48. Kg5 gxh5 49. Kxh5 Kh7 50. Kg5 Kg7 51. a4 Kf7 52. Kh6 Kf8 53. Kg6 Ke7 54. Kg7 Ke8 55. Kf6 Kd7 56. Kf7 Kd8 57. Kxe6 Ke8 58. Kd6 Kd8 59. e6 Ke8 60. e7 b5 61. axb5 a4 62. bxa4 1-0

[Event "Udine DLF op"]
[Site "Udine"]
[Date "2007.01.31"]
[Round "2"]
[White "Gentile, Bruno"]
[Black "Tassinari, Luca"]
[Result "0-1"]
[WhiteElo "1404"]
[BlackElo "1856"]
[PlyCount "64"]
[EventDate "2007.01.24"]
[EventType "swiss"]
[EventRounds "7"]
[EventCountry "ITA"]
[SourceTitle "EXT 2010"]
[Source "ChessBase"]
[SourceDate "2010.11.25"]
[SourceVersion "1"]
[SourceVersionDate "2010.11.25"]
[SourceQuality "1"]

1. d4 Nf6 2. c4 g6 3. Nc3 Bg7 4. g3 d6 5. Bg2 0-0 6. Nf3 c5 7. e3 cxd4 8. Nxd4 Nbd7 9. 0-0 Rb8 10. Qc2 a6 11. Rd1 Qc7 12. Nce2 e5 13. Nf3 b5 14. Nd2 Nb6 15. e4 Be6 16. Qd3 bxc4 17. Qa3 Bg4 18. Nf3 Nxe4 19. Qxa6 Nc5 20. Qa3 e4 21. Nfd4 Bxd4 22. Nxd4 Bxd1 23. Bh6 Bg4 24. Bxf8 Rxf8 25. Qe3 Nd5 26. Qg5 f5 27. h3 Bf3 28. Nxf3 exf3 29. Bxf3 Nf6 30. Qf4 Nd3 31. Qd2 Ne4 32. Bxe4 fxe4 0-1

[Event "ITA-ch U20 25th"]
[Site "Bratto"]
[Date "2002.08.22"]
[Round "3"]
[White "Tassinari, Luca"]
[Black "Bonagura, Stefano"]
[Result "1-0"]
[WhiteElo "1600"]
[BlackElo "1521"]
[PlyCount "85"]
[EventDate "2002.08.20"]
[EventType "swiss"]
[EventRounds "9"]
[EventCountry "ITA"]
[SourceTitle "EXT 2007"]
[Source "ChessBase"]
[SourceDate "2006.11.23"]
[SourceVersion "1"]
[SourceVersionDate "2006.11.23"]
[SourceQuality "1"]

1. e4 e5 2. Nf3 d6 3. d4 exd4 4. Nxd4 Nf6 5. Nc3 Be7 6. Be2 0-0 7. 0-0 Re8 8. b3 Nbd7 9. Bb2 Bf8 10. Bd3 Nc5 11. Re1 d5 12. e5 Ng4 13. Nf3 c6 14. Bf1 Qc7 15. Qd4 h5 16. h3 Nh6 17. Nb1 Bf5 18. Qd1 Rad8 19. Nh4 g6 20. Nxf5 Nxf5 21. Qe2 Bg7 22. Nd2 f6 23. g4 hxg4 24. Qxg4 fxe5 25. Qxg6 Qf7 26. Qxf7+ Kxf7 27. Rad1 a5 28. Be2 Rh8 29. Bg4 e4 30. Ba3 e3 31. fxe3 Nxe3 32. Bxc5 Nxd1 33. Rxd1 Rdg8 34. Kf2 Rh6 35. Re1 Rf6+ 36. Kg3 Bh6 37. Nf3 Bf4+ 38. Kg2 Bd6 39. Ne5+ Kg7 40. Bd4 c5 41. Nd7 cxd4 42. Nxf6 Rf8 43. Ne8+ 1-0